| 000 | 00461nam a2200205Ia 4500 | ||
|---|---|---|---|
| 005 | 20250425161735.0 | ||
| 008 | 250425s9999 xx 000 0 und d | ||
| 020 | _a997880157X | ||
| 041 | _aspa | ||
| 082 | _a863.69866 | ||
| 100 | _aEGUEZ, IVAN | ||
| 245 | 0 | _aEL PODER DEL GRAN SEÑOR | |
| 250 | _a1A ED. | ||
| 260 |
_aEcuador _bLIBRESA _c1992 |
||
| 260 | _aQUITO | ||
| 300 | _a236 | ||
| 650 | _aNOVELA ECUATORIANA | ||
| 942 | _c01 | ||
| 010 | _a27053 | ||
| 999 |
_c215155 _d215155 |
||